SOCIAL RIGHTS UNDER THE CONSTITUTION (Record no. 216674)

MARC details
000 -LEADER
fixed length control field 00521nam a22001817a 4500
008 - FIXED-LENGTH DATA ELEMENTS--GENERAL INFORMATION
fixed length control field 260225b |||||||| |||| 00| 0 eng d
020 ## - INTERNATIONAL STANDARD BOOK NUMBER
International Standard Book Number 978-0-1982-9675-1
050 ## - LIBRARY OF CONGRESS CALL NUMBER
Classification number JC 421 .F33 2000
Item number 2
100 ## - MAIN ENTRY--PERSONAL NAME
Personal name FABRE, CECILE
245 ## - TITLE STATEMENT
Title SOCIAL RIGHTS UNDER THE CONSTITUTION
260 ## - PUBLICATION, DISTRIBUTION, ETC.
Place of publication, distribution, etc. NEW TORK
Name of publisher, distributor, etc. AUCKLAND BANGKOK
Date of publication, distribution, etc. 2000
300 ## - PHYSICAL DESCRIPTION
Extent XI, 202P
500 ## - GENERAL NOTE
General note INCUIDES BIBLIOGRAPHY ,INDEX
650 ## - SUBJECT ADDED ENTRY
Topical term or geographic name entry element SOCIAL RIGHT UNDER THE CONSTITUTION
700 ## - ADDED ENTRY--PERSONAL NAME
Personal name FABRE , CECILE
942 ## - ADDED ENTRY ELEMENTS (KOHA)
Source of classification or shelving scheme Library of Congress Classification
Koha item type Long Loan Book
Holdings
Withdrawn status Lost status Source of classification or shelving scheme Damaged status Not for loan Collection Home library Current library Shelving location Date acquired Inventory number Total checkouts Full call number Barcode Date last seen Copy number Price effective from Koha item type
    Library of Congress Classification     Science & Technology Kisii University Library Kisii University Library On Display 02/25/2026 112059   JC 421 .F33 2000 A000853 02/25/2026 C.1 02/25/2026 Long Loan Book
    Library of Congress Classification     Science & Technology Kisii University Library Kisii University Library On Display 02/25/2026 112060   JC 421 .F33 2000 A000854 02/25/2026 C.2 02/25/2026 Long Loan Book
    Library of Congress Classification     Science & Technology Kisii University Library Kisii University Library On Display 02/25/2026 112061   JC 421 .F33 2000 A000852 02/25/2026 C.3 02/25/2026 Long Loan Book
    Library of Congress Classification     Science & Technology Kisii University Library Kisii University Library On Display 02/25/2026 112062   JC 421 .F33 2000 A000851 02/25/2026 C.4 02/25/2026 Long Loan Book
    Library of Congress Classification     Science & Technology Kisii University Library Kisii University Library On Display 02/25/2026 112063   JC 421 .F33 2000 A000850 02/25/2026 C.5 02/25/2026 Long Loan Book